| 000 | 01357nam a22003737a 4500 | ||
|---|---|---|---|
| 005 | 20180803170133.0 | ||
| 008 | 150708b2014 ck ||||| ||||l00| 0 spa d | ||
| 040 |
_aCO-BoIAVH _cCO-BoIAVH |
||
| 041 | 0 | _aspa | |
| 044 | _ack | ||
| 082 | 4 |
_a363.73874 _bR69i |
|
| 100 | 1 |
_aRodríguez Vargas, Mariela _eAutora Coordinadora |
|
| 245 | 1 |
_aInventario de emisiones _bGases efecto invernadero Bogotá D.C. Línea Base |
|
| 260 | 3 |
_aBogotá: _bSecretaría distrital de ambiente, _c2014. |
|
| 300 |
_a72 p. _btab., il., graf. _c28 cn. |
||
| 504 | _aIncluye bibliografía. | ||
| 650 | 4 |
_aGases de invernadero _vEstadísticas _zBogotá, Colombia |
|
| 650 | 4 | _aCambio climático | |
| 650 | 4 | _aEmisión de gases | |
| 651 | 4 |
_aColombia _zBogotá |
|
| 700 | 1 | _aAcosta, Adriana | |
| 700 | 1 | _aColmenares, Sergio Andrés | |
| 700 | 1 | _aChaparro Ortiz, Rafael Arturo | |
| 700 | 1 | _aFuquen, Katerine Andrea | |
| 700 | 1 | _aGarcía Vidales, Rafael Arturo | |
| 700 | 1 | _aHernández Restrepo, Rosember | |
| 700 | 1 | _aPulído Guío, Ana Dely | |
| 700 | 1 | _aRobinsson, Keidy | |
| 700 | 1 | _aTinoco, Liliana | |
| 700 | 1 | _aVargas Ramírez, Angélica Marcela | |
| 700 | 1 | _aWanumen, Andrea | |
| 700 | 1 | _aRomero Tobón, Ernesto | |
| 942 |
_2ddc _cLIBRO |
||
| 999 |
_c17537 _d17537 |
||